000 00698nam a2200253Ia 4500
003 OSt
005 20221006151448.0
006 a|||||r|||| 00| 0
007 ta
008 221006b |||||||| |||| 00| 0 jpn d
020 _c¥1200
024 _a22,202
037 _bGift, Japan Foundation
_cTextual
040 _aEASL
_cEASL
_bjpn
041 _2jpn
_ajpn
082 _aMV45:(P111:4k), 42F7
245 0 _aEnglish-Japanese dictionary of sea-terms = Eiwa Kaigo Jiten
260 _aTokyo
_bN Japan
_c1958
300 _a807p.
_ccm.
490 _v RR
650 _aJL
942 _hMV45:(P111:4k), 42F7
_cTEXL
_2CC
999 _c1090288
_d1090288